000 00667nam a2200205 a 4500
005 20140311163014.0
008 061109s19uu xx 00 eng d
020 _a0789029723
050 _aHQ 755.83
_b.F599 2005
100 _aFlens, James R.
245 _aPsychological testing in child custody evaluations /
_cJames R. Flens et.al.
260 _aNew York :
_bThe Haworth Press, Inc,
_c2005.
300 _a227 p. :
_c23 cm.
521 _aPSYCH
650 _aParents
_xPsychological testing
_xUnited States.
650 _aDivorced parents
_xPsychological testing
_xUnited States.
700 _aDrozd, Leslie, editors
942 _cBK
_2lcc
_kFOR
999 _c39408
_d39408